000 00865nam a2200265 i 4500
003 DO-SdBNP
005 20240820085946.0
007 ta
008 240820b1965 sp ||||| |||| 00| 0 spa d
040 _aDO-SdBNP
_bspa
_cBNPHU
_erda
082 4 _222
100 _aBernardini-Sjcestedt, Armand,
_eautor
_986355
245 1 0 _aCristobal Colon /
_cArmand Bernardini-Sjcestedt ; traducción, Nicanor Castillo
264 _aMadrid :
_bCastilla,
_c1965.
300 _a267 páginas
_c21 cm.
336 _2rdacontent
_atexto
_btxt
337 _2rdamedia
_asin medición
_bn
338 _2rdacarrier
_avolumen
_bnc
490 _aLos grandes estudios históricos
500 _aIncluye datos biográficos del autor en la solapa de la cubierta
590 _aInventariado, 2024/BT
700 1 _aCastillo, Nicanor,
_etraductor
_986356
910 _abtavárez
942 _2ddc
_cLBS1
999 _c57483
_d57483